Hiszpania trenerzy w XXI wieku - Statystyki

Ogólne statystyki
  • Ten quiz został rozwiązany 156 razy
    61 od ostatniego zresetowania
  • Średni wynik to 5 z 10
Statystyki odpowiedzi
Lata Pracy Trener % Poprawnych
2008-2016 Vicente del Bosque
93%
2018-2019 Luis Enrique
89%
2019-2022 Luis Enrique
89%
2016-2018 Julen Lopetegui
63%
2023- Luis de la Fuente
61%
2018 Fernando Hierro
46%
2004-2008 Luis Aragonés
39%
1998-2002 José Antonio Camacho
17%
2019 Robert Moreno
9%
2002-2004 Iñaki Sáez
2%
Nie znaleziono quizów pasujących do podanych kryteriów
Rozkład punktacji
Procent ludzi z każdym wynikiem
Percentyl według liczby udzielonych odpowiedzi
Twoja historia wyników
Nie rozwiązałeś tego quizu od ostatniego zresetowania